000 00934cam a22002897a 4500
003 CHAP
005 20220329135826.0
008 971013s1981 r 00010 d
010 _a42878
011 _a43850
035 _a47987
040 _cCHAP
082 _a021.65
_bP4
100 0 0 _aPerales Ojeda, Alicia.
_987001
245 1 3 _aLa cultura biblioinformática septentrional
260 _aMéxico, D.F. :
_bUNAM. Centro de Estudios sobre la Universidad,
_c1981
300 _a195 p.
590 _aBATCH-UPD
_b10
_c20130110
_lUCH01
_h2228
590 _aBATCH-UPD
_b10
_c20130410
_lUCH01
_h1524
590 _aBATCH-UPD
_b10
_c20130914
_lUCH01
_h1937
590 _aCONVERSION
_b10
_c20130109
_lUCH01
_h1324
650 1 4 _aProcesamiento automático de datos en ciencias de la información.
_991764
650 1 4 _aRedes de bibliotecas.
_995381
901 _aBK
942 _cLIBRO
949 _a021.65 P4
_bBC
_cB
_d-108847
_eB
_h60820
_i47987
_si
999 _c42878
_d42878